Villes du Mexique - Carte Quiz - Statistiques

Statistiques générales
  • Ce quiz a été pris 4 557 fois
  • Le résultat moyen est 6 sur 14
Réponses sur la Carte
Les réponses sont colorées sur une échelle allant du rouge au vert en fonction du pourcentage des utilisateurs qui les ont devinées à leur premier essai. Vous pouvez retrouver ces pourcentages ci-dessous.
 
Statistiques - réponses
Réponse % Correct
Mexico
89%
Cancún
73%
Tijuana
59%
Guadalajara
50%
Monterrey
48%
Acapulco
45%
Chihuahua
40%
Ciudad Juárez
40%
Mérida
36%
Oaxaca
34%
Cabo San Lucas
32%
San Luis Potosí
22%
Tampico
18%
Guaymas
17%
Aucun quiz correspondant
Distribution des résultats
% des personnes avec chaque résultat
Percentile par nombre de réponses
Votre historique - résultats
Vous n’avez pas pris ce quiz